<?xml version="1.0" encoding="UTF-8"?>
<marc:record xmlns:marc="http://www.loc.gov/MARC21/slim">
   <marc:leader>00000nam a2200000 a 4500</marc:leader>
   <marc:datafield ind1="1" ind2=" " tag="100">
      <marc:subfield code="a">Sherl, Gregory</marc:subfield>
      <marc:subfield code="4">aut</marc:subfield>
      <marc:subfield code="e">Verfasser/-in</marc:subfield>
   </marc:datafield>
   <marc:datafield ind1="1" ind2=" " tag="100">
      <marc:subfield code="a">Jacobs, Stefanie</marc:subfield>
      <marc:subfield code="4">trl</marc:subfield>
      <marc:subfield code="e">Übersetzer/-in</marc:subfield>
   </marc:datafield>
   <marc:datafield ind1="1" ind2=" " tag="100">
      <marc:subfield code="a">Jakob, Simone</marc:subfield>
      <marc:subfield code="4">trl</marc:subfield>
      <marc:subfield code="e">Übersetzer/-in</marc:subfield>
   </marc:datafield>
   <marc:datafield ind1="1" ind2=" " tag="100">
      <marc:subfield code="a">Sherl, Gregory</marc:subfield>
   </marc:datafield>
   <marc:datafield ind1=" " ind2=" " tag="653">
      <marc:subfield code="a">Audrey Niffenegger</marc:subfield>
   </marc:datafield>
   <marc:datafield ind1=" " ind2=" " tag="653">
      <marc:subfield code="a">David Nicholls</marc:subfield>
   </marc:datafield>
   <marc:datafield ind1=" " ind2=" " tag="653">
      <marc:subfield code="a">Dr. Chin</marc:subfield>
   </marc:datafield>
   <marc:datafield ind1=" " ind2=" " tag="653">
      <marc:subfield code="a">Heiratsantrag</marc:subfield>
   </marc:datafield>
   <marc:datafield ind1=" " ind2=" " tag="653">
      <marc:subfield code="a">Liebe</marc:subfield>
   </marc:datafield>
   <marc:datafield ind1=" " ind2=" " tag="653">
      <marc:subfield code="a">Zukunft</marc:subfield>
   </marc:datafield>
   <marc:datafield ind1=" " ind2=" " tag="653">
      <marc:subfield code="a">Fiktionale Darstellung</marc:subfield>
   </marc:datafield>
   <marc:datafield ind1=" " ind2=" " tag="653">
      <marc:subfield code="a">Erzählende Literatur: Gegenwartsliteratur ab 1945</marc:subfield>
   </marc:datafield>
   <marc:datafield ind1="0" ind2="0" tag="245">
      <marc:subfield code="a">Ab morgen ein Leben lang</marc:subfield>
   </marc:datafield>
   <marc:datafield ind1="0" ind2="0" tag="245">
      <marc:subfield code="b">Roman</marc:subfield>
   </marc:datafield>
   <marc:datafield ind1="0" ind2="0" tag="245">
      <marc:subfield code="c">Gregory Sherl. Aus dem Engl. von Stefanie Jacobs und Simone Jakob</marc:subfield>
   </marc:datafield>
   <marc:datafield ind1=" " ind2="1" tag="264">
      <marc:subfield code="a">Köln</marc:subfield>
      <marc:subfield code="b">DuMont</marc:subfield>
      <marc:subfield code="c">2015</marc:subfield>
   </marc:datafield>
   <marc:datafield ind1="1" ind2=" " tag="520">
      <marc:subfield code="a">Angaben aus der Verlagsmeldung

Ab morgen ein Leben lang : Roman TB Sherl, Ab morgen ein Leben lang TB Sherl, Ab morgen ein Leben lang The Future for Curious People / von Gregory Sherl

Evelyn Shriner und Godfrey Burkes sind füreinander bestimmt. Doch das ahnen sie nicht, sie kennen sich nicht einmal. Evelyn ist Bibliothekarin und hat eine Schwäche für große Liebesgeschichten. Außerdem hat sie eine Obsession für Dr. Chins erstaunliche Vergegenwärtigungsapparatur entwickelt, mit der man seine romantischen Aussichten mit einem bestimmten Menschen sehen kann. Sie testet einen Mann nach dem anderen, doch laut Maschine ist der Richtige einfach nicht dabei …
Godfrey arbeitet im Fundbüro. Obwohl er selbst ständig Dinge verliert. Er glaubt, sein Leben brauche mehr Struktur, also macht er seiner Freundin einen Heiratsantrag. Bevor diese Ja sagt, hat sie allerdings eine Bedingung: Sie sollen erst bei Dr. Chin einen Blick in ihre Zukunft werfen – um sicherzugehen, dass sie auch wirklich zusammengehören. Also macht sich Godfrey auf zu Dr. Chins Praxis. In der Schlange unterhält er sich mit einer bezaubernden Frau namens Evelyn, die ihm danach partout nicht mehr aus dem Kopf gehen will. Und Evelyn gibt bei ihrer nächsten Sitzung einfach mal den Namen dieses Typen aus der Schlange an, der wirkte doch ganz nett. Wie hieß er noch mal, Godfrey Burkes? Doch eines hat Evelyn nicht bedacht: »In Fällen von wahrer Liebe kann es zu Systemfehlern kommen.«
</marc:subfield>
   </marc:datafield>
   <marc:datafield ind1=" " ind2=" " tag="020">
      <marc:subfield code="a">9783832163303</marc:subfield>
      <marc:subfield code="9">9783832163303</marc:subfield>
   </marc:datafield>
   <marc:datafield ind1=" " ind2=" " tag="020">
      <marc:subfield code="a">3832163301</marc:subfield>
      <marc:subfield code="9">3832163301</marc:subfield>
   </marc:datafield>
   <marc:datafield ind1=" " ind2=" " tag="041">
      <marc:subfield code="a">ger</marc:subfield>
   </marc:datafield>
   <marc:datafield ind1=" " ind2=" " tag="300">
      <marc:subfield code="a">398 S.</marc:subfield>
   </marc:datafield>
</marc:record>
